000 00284 a2200109 4500
001 ART_33241
005 20260410161927.0
008 260409a
245 1 0 _aDescomoditización
100 1 _aPerotti, Estrella
773 0 _tLecturas
_g- Nº 4 (jun. 2000)
_wREV19328
999 _c28226
_d28226